Wszystkie Kluby Piłkarskie Z Warszawy - Statystyki

Ogólne statystyki
  • Ten quiz został rozwiązany 286 razy
  • Średni wynik to 3 z 5
Statystyki odpowiedzi
Hint Odpowiedź % Poprawnych
Ekstraklasa Legia Warszawa
100%
3.Liga Polonia Warszawa
93%
4.Liga Hutnik Warszawa
47%
3.Liga Ursus Warszawa
37%
4.Liga Drukarz Warszawa
13%
Nie znaleziono quizów pasujących do podanych kryteriów
Rozkład punktacji
Procent ludzi z każdym wynikiem
Percentyl według liczby udzielonych odpowiedzi
Twoja historia wyników
Nie rozwiązałeś tego quizu